| 000 | 00706nam a22002172 4500 | ||
|---|---|---|---|
| 001 | 0000006249 | ||
| 005 | 20151217152015.0 | ||
| 008 | 071001s xx 000 0 eng d | ||
| 020 |
_a0415300444 : _cKES 1,510 |
||
| 040 |
_aKABU _cKABU |
||
| 100 | 1 |
_aHoneycutt, Earl D. _@0000157655 |
|
| 245 | 1 | 0 |
_aSales management : _ba global perspective / _cEarl D. Honeycutt, John B. Ford and Antonis C. Simintiras. |
| 260 |
_aLondon : _bRoutledge, _c2003. |
||
| 300 | _axxiii, 307 p. | ||
| 650 | 0 |
_aSales Management. _@0000151581 |
|
| 700 | 1 |
_aFord, John B. _@0000157656 |
|
| 700 | 1 |
_aSimintiras, Antonis C. _@0000157657 |
|
| 908 | _a071001 | ||
| 950 | _@1 | ||
| 999 |
_c7244 _d7244 |
||